|
|
|
|
| LEADER |
00000cam a2200000 a 4500 |
| 001 |
vtls010207288 |
| 003 |
SK-MaSNL |
| 005 |
20260331205915.0 |
| 008 |
180809s2009 xo obl f a 000 0 slo |
| 015 |
|
|
|a SNBA2011/04-01982
|
| 020 |
|
|
|a 9788080839253 (brož.)
|
| 035 |
|
|
|a C3FD79F2-1DEA-456C-AE5D-4E2D7645C61B
|
| 035 |
|
|
|a urn:nbn:sk:snk-amjgrx
|
| 035 |
|
|
|a urn:nbn:sk:snk-am000xzr
|
| 040 |
|
|
|a SNK
|b slo
|c SNK
|e AACR2
|
| 041 |
0 |
|
|a slo
|b eng
|
| 043 |
|
|
|a e-xo---
|
| 044 |
|
|
|a xo
|c SK
|
| 072 |
|
7 |
|a 622
|x Baníctvo
|2 konspekt
|
| 080 |
|
|
|a 622.3
|2 2001
|
| 080 |
|
|
|a 622.271.015
|2 2001
|
| 080 |
|
|
|a (048.8)
|2 2001
|
| 080 |
|
|
|a 551.438.5
|2 2001
|
| 080 |
|
|
|a (437.6)
|2 2001
|
| 100 |
1 |
|
|a Hronček, Pavel,
|d 1973-
|4 com
|9 101931
|
| 245 |
1 |
0 |
|a Povrchové relikty po ťažbe nerastných surovín vo Zvolenskej kotline
|c Pavel Hronček a kol. ; [zostavovateľ: Pavel Hronček]
|n II.
|
| 246 |
1 |
1 |
|a Surface relicts after raw materials mining in the Zvolenská kotlina basin II.
|
| 250 |
|
|
|a 1. vyd.
|
| 260 |
|
|
|a Banská Bystrica
|b Ústav vedy a výskumu Univerzity Mateja Bela
|c 2009
|
| 300 |
|
|
|a 159 s.
|b fotogr., mp., tab.
|c 25 cm
|
| 366 |
|
|
|e 100 výt.
|
| 504 |
|
|
|a Bibliogr. s. 110-114
|
| 546 |
|
|
|a Res. angl.
|
| 650 |
0 |
7 |
|a nerastné suroviny
|2 SNKPH
|9 69294
|
| 650 |
0 |
7 |
|a ťažba nerastných surovín
|2 SNKPH
|9 67682
|
| 650 |
0 |
7 |
|a lomy
|2 SNKPH
|9 54967
|
| 650 |
0 |
7 |
|a povrchové relikty
|2 SNKPH
|9 481277
|
| 650 |
0 |
7 |
|a Raw materials
|2 SNKPHeng
|9 267192
|
| 650 |
0 |
7 |
|a Mineral mining
|2 SNKPHeng
|9 329698
|
| 650 |
0 |
7 |
|a antropogénna geomorfológia
|2 SNKPH
|9 151425
|
| 650 |
0 |
7 |
|a Quarries
|2 SNKPHeng
|9 353182
|
| 650 |
0 |
7 |
|a Anthropogenic geomorphology
|2 SNKPHeng
|9 341715
|
| 651 |
|
7 |
|a Zvolenská kotlina (Slovensko)
|2 SNKPH
|9 56271
|
| 655 |
|
7 |
|a monografie
|2 SNKPH
|9 70139
|
| 655 |
|
7 |
|a Monographs
|2 SNKPHeng
|9 120675
|
| 710 |
2 |
|
|a Univerzita Mateja Bela v Banskej Bystrici.
|b Ústav vedy a výskumu
|4 pbl
|9 123955
|
| 919 |
|
|
|a 978-80-8083-925-3
|
| 958 |
|
|
|a NB
|
| 958 |
|
|
|a OND
|
| 968 |
|
|
|d 62
|
| 999 |
|
|
|c 748759
|d 750689
|
| 952 |
|
|
|a SNK
|b SNK
|y PREZ
|7 0
|p 17A0687435
|o snkSC 144137/2
|i snk2011/3848
|8 0
|0 0
|1 0
|4 0
|d 2011-02-21
|l 0
|r 2025-07-11 00:00:00
|w 2026-02-23
|
| 952 |
|
|
|a SNK
|b SNK
|y VYP
|7 0
|p 17A0684535
|o snkSC 144137/2 D1
|i snk2011/3852
|8 0
|0 0
|1 0
|4 0
|d 2011-02-21
|f 1
|l 0
|r 2026-02-23 23:23:53
|w 2026-02-23
|